Slovnaft smeruje do automobiliek

Rozhovor s generálnym riaditeľom Slovnaftu Oszkarom Világim. Nová výroba plastov ako najzásadnejšia investícia. Plánovaný export do rôznych krajín sveta. Investičný rozvoj Slovnaftu v ďalších rokoch. Investície do petrochémie. Dovoz a spracovanie neruskej ropy. Vlastné ropné vrty spoločnosti MOL.

Guardado en:
Detalles Bibliográficos
Autor principal: Haluza, Ivan
Otros Autores: Világi, Oszkár
Formato: Capítulo de libro
Lenguaje:eslovaco
Materias:
Etiquetas: Agregar Etiqueta
Sin Etiquetas, Sea el primero en etiquetar este registro!

MARC

LEADER 00000naa a2200000 4500
001 0222417
005 20231113105622.0
041 0 |a slo 
044 |a SK 
245 1 0 |a Slovnaft smeruje do automobiliek  |c Ivan Haluza, Oszkár Világi 
520 |a Rozhovor s generálnym riaditeľom Slovnaftu Oszkarom Világim. Nová výroba plastov ako najzásadnejšia investícia. Plánovaný export do rôznych krajín sveta. Investičný rozvoj Slovnaftu v ďalších rokoch. Investície do petrochémie. Dovoz a spracovanie neruskej ropy. Vlastné ropné vrty spoločnosti MOL. 
610 2 0 |a ropa 
610 2 0 |a plasty 
610 2 0 |a petrochémia 
610 2 0 |a výroba 
610 2 0 |a firmy 
610 2 0 |a investície 
610 2 0 |a hmoty pohonné 
610 2 0 |a vývoz 
610 2 0 |a dovoz 
610 2 0 |a Slovensko 
100 1 |a Haluza, Ivan 
700 1 |a Világi, Oszkár